| 000 -LEADER |
| fixed length control field |
00584nam a2200169 a 4500 |
| 040 ## - CATALOGING SOURCE |
| Transcribing agency |
DLC |
| 082 00 - DEWEY DECIMAL CLASSIFICATION NUMBER |
| Classification number |
634 NUK 1987 C143 Or. |
| 100 1# - MAIN ENTRY--AUTHOR NAME |
| Personal name |
Jackson, J. K. |
| 245 10 - TITLE STATEMENT |
| Title |
Manual of afforestation in Nepal / |
| 260 ## - PUBLICATION, DISTRIBUTION, ETC. (IMPRINT) |
| Place of publication |
Kathmandu, Nepal : |
| Name of publisher |
Nepal-United Kingdom Forestry Research Project, Forest Survey and Research Office, Dept. of Forest, |
| Year of publication |
1987. |
| 300 ## - PHYSICAL DESCRIPTION |
| Number of Pages |
xii, 402 p. : |
| Other physical details |
ill. ; |
| Dimensions |
31 cm. |
| 500 ## - GENERAL NOTE |
| General note |
Includes accounts of individual species. |
| 650 #0 - SUBJECT ADDED ENTRY--TOPICAL TERM |
| Topical Term |
Afforestation |
| 650 #0 - SUBJECT ADDED ENTRY--TOPICAL TERM |
| Topical Term |
Tree crops |
| 710 2# - ADDED ENTRY--CORPORATE NAME |
| Corporate name or jurisdiction name as entry element |
Nepal-United Kingdom Forestry Research Project. |
| 942 ## - ADDED ENTRY ELEMENTS (KOHA) |
| Koha item type |
ADB |
| 952 ## - LOCATION AND ITEM INFORMATION (KOHA) |
| Withdrawn status [LOCAL, KOHA] |
0 |